000
00206 a2200097 4500
001
30346
100
_a
Reader
245
_a
Fireside Reader
260
_a
New york
_b
Readers Digest
_c
090
_c
20297
_d
20297
942
_a
NUST-CAE
_c
M
_c
11444
999
_c
265419
_d
265419